[Event "Oberpfalz-ch M3"]
[Site "Roding"]
[Date "2010.03.30"]
[Round "7"]
[White "Pauer, Franz"]
[Black "Weber, Herbert"]
[Result "1-0"]
[WhiteElo "1416"]
[BlackElo "1525"]
[PlyCount "43"]
[EventDate "2010.03.27"]
[EventType "swiss"]
[EventRounds "8"]
[EventCountry "GER"]
[SourceTitle "EXT 2012"]
[Source "ChessBase"]
[SourceDate "2011.11.24"]
[SourceVersion "1"]
[SourceVersionDate "2011.11.24"]
[SourceQuality "1"]

1. e4 c5 2. Nf3 e6 3. c3 d5 4. e5 g6 5. d4 c4 6. b3 b5 7. a4 Bd7 8. axb5 Bxb5 9. Na3 Bxa3 10. Bxa3 Ne7 11. Nd2 Qc7 12. Qf3 a6 13. Bxc4 dxc4 14. Qxa8 Bc6 15. Bd6 Bxa8 16. Bxc7 Kd7 17. Bxb8 Rxb8 18. 0-0 cxb3 19. Rxa6 Bb7 20. Ra7 Nc6 21. Ra3 b2 22. Rb1 1-0

[Event "Oberpfalz-ch M3"]
[Site "Roding"]
[Date "2010.03.28"]
[Round "3"]
[White "Holzapfel, Alois"]
[Black "Weber, Herbert"]
[Result "1/2-1/2"]
[WhiteElo "1328"]
[BlackElo "1525"]
[PlyCount "46"]
[EventDate "2010.03.27"]
[EventType "swiss"]
[EventRounds "8"]
[EventCountry "GER"]
[SourceTitle "EXT 2012"]
[Source "ChessBase"]
[SourceDate "2011.11.24"]
[SourceVersion "1"]
[SourceVersionDate "2011.11.24"]
[SourceQuality "1"]

1. c4 c5 2. Nc3 Nc6 3. g3 b6 4. Bg2 Bb7 5. d3 e6 6. e4 d6 7. Nge2 Be7 8. 0-0 Nf6 9. Rb1 0-0 10. a3 Nd7 11. f4 f5 12. exf5 exf5 13. Nd5 Nf6 14. Nec3 Rb8 15. Be3 Nxd5 16. Nxd5 Bf6 17. Bf2 Bd4 18. b4 Bxf2+ 19. Rxf2 Nd4 20. Nc3 Bxg2 21. Kxg2 Qd7 22. Nd5 Rbe8 23. Rd2 Re6 1/2-1/2